Countries of the Soviet Union -Sudden Death- - Statistics

General Stats
  • This quiz has been taken 57 times
  • The average score is 11 of 15
Answers on the Grid
Answers color-coded by a green-red scale on the quiz's grid according to % correct below.
Afganistan
Armenia
Azerbaijan
Belarus
Bulgaria
Cyprus
Estonia
Finland
Georgia
Hungary
Iceland
Iran
Iraq
Kazakhstan
Kuwait
Kyrgyzstan
Latvia
Lithuania
Moldova
Mongolia
North Korea
Pakistan
Poland
Romania
Russia
Slovakia
Tajikistan
Turkmenistan
Ukraine
Uzbekistan
 
Answer Stats
Answer % Correct
Belarus
89%
Azerbaijan
81%
Armenia
78%
Estonia
78%
Russia
75%
Ukraine
75%
Uzbekistan
75%
Georgia
69%
Kazakhstan
69%
Lithuania
69%
Kyrgyzstan
67%
Latvia
67%
Moldova
67%
Tajikistan
67%
Turkmenistan
67%
No matching quizzes found
Score Distribution
Percent of People with Each Score
Percentile by Number Answered
Your Score History
You have not taken this quiz